[Event "2021 FIDE Online Olympiad"]
[Site "Chess.com"]
[Date "2021.08.28"]
[Round "5.6"]
[White "Viana, Valeria"]
[Black "Matute Escobar, Roxanny"]
[Result "0-1"]
[WhiteElo "1325"]
[BlackElo "1728"]
[PlyCount "68"]
[EventDate "2021.08.27"]
[EventType "team"]
[EventRounds "9"]
[SourceVersionDate "2018.05.14"]
[WhiteTeam "Honduras"]
[BlackTeam "Venezuela"]
[WhiteTeamCountry "HON"]
[BlackTeamCountry "VEN"]

1. e4 c5 2. Nf3 d6 3. d4 cxd4 4. Nxd4 Nf6 5. Nc3 g6 6. Be3 Bg7 7. f3 O-O 8. Bc4
Nc6 9. Nde2 Bd7 10. O-O Rc8 11. Bb3 Na5 12. f4 Nc4 13. Bxc4 Rxc4 14. Qd3 b5 15.
Kh1 a6 16. f5 Qc8 17. a3 Qb7 18. Ng3 a5 19. b3 Rcc8 20. Rad1 b4 21. axb4 axb4
22. Nce2 Bb5 23. Qd2 Nxe4 24. Qxb4 Nxg3+ 25. Nxg3 Bc3 26. Qh4 Bxf1 27. Rxf1 Bf6
28. Bg5 Rxc2 29. Rg1 Bxg5 30. Qxg5 Rfc8 31. f6 exf6 32. Qxf6 Qd5 33. Qf4 Qe5
34. Qa4 Rc1 0-1

[Event "2021 FIDE Online Olympiad"]
[Site "Chess.com"]
[Date "2021.08.28"]
[Round "5.1"]
[White "Chavez, Ricardo Ernesto"]
[Black "Sanchez Alvarez, Roberto Carlos"]
[Result "0-1"]
[WhiteElo "2224"]
[BlackElo "2418"]
[PlyCount "92"]
[EventDate "2021.08.27"]
[EventType "team"]
[EventRounds "9"]
[SourceVersionDate "2018.05.14"]
[WhiteTeam "El Salvador"]
[BlackTeam "Panama"]
[WhiteTeamCountry "ESA"]
[BlackTeamCountry "PAN"]

1. e4 c5 2. Nf3 d6 3. d4 cxd4 4. Nxd4 Nf6 5. Nc3 a6 6. Bd3 g6 7. O-O Bg7 8. Bg5
h6 9. Bh4 O-O 10. Qd2 Nbd7 11. Kh1 Qc7 12. f4 b5 13. Rae1 e5 14. fxe5 dxe5 15.
Nb3 Bb7 16. a3 Rae8 17. Rf3 Nh5 18. Nd5 Bxd5 19. exd5 Nb6 20. c3 Qd6 21. Bf2
Rc8 22. Bf1 f5 23. Bxb6 Qxb6 24. d6 e4 25. Rh3 Rcd8 26. c4 Rxd6 27. Qc2 bxc4
28. Bxc4+ Kh8 29. Rhe3 Rc8 30. Qe2 Rdc6 31. Bf7 Rc2 32. Qf1 Rxb2 33. Nc1 Rb1
34. R3e2 Rc7 35. Ba2 Ra1 36. Rd1 Qc6 37. Nb3 Rxd1 38. Qxd1 Rd7 39. Rd2 Rxd2 40.
Qxd2 Qc3 41. Qd1 Nf4 42. Nc1 Nd3 43. Nxd3 exd3 44. Bb3 a5 45. g3 Qc6+ 46. Kg1
Bd4+ 0-1

[Event "2021 FIDE Online Olympiad"]
[Site "Chess.com"]
[Date "2021.08.28"]
[Round "5.2"]
[White "Tapia, Alexei"]
[Black "Arias, Lemnys A."]
[Result "1-0"]
[WhiteElo "1983"]
[BlackElo "2303"]
[PlyCount "81"]
[EventDate "2021.08.27"]
[EventType "team"]
[EventRounds "9"]
[SourceVersionDate "2018.05.14"]
[WhiteTeam "Panama"]
[BlackTeam "El Salvador"]
[WhiteTeamCountry "PAN"]
[BlackTeamCountry "ESA"]

1. Nf3 d5 2. g3 Nc6 3. d4 Bg4 4. Bg2 e6 5. O-O Nf6 6. c4 Be7 7. Nc3 O-O 8. cxd5
exd5 9. Ne5 Be6 10. Nxc6 bxc6 11. Na4 Qd7 12. b3 Bh3 13. Bg5 Bxg2 14. Kxg2 Ne4
15. Bxe7 Qxe7 16. Rc1 f5 17. Rxc6 f4 18. Nc5 Nc3 19. Qd3 Nxe2 20. Re6 Qg5 21.
Re5 Qh6 22. f3 fxg3 23. hxg3 Nxg3 24. Kxg3 Rf6 25. Kf2 Qh2+ 26. Ke3 Raf8 27.
Qe2 Qh6+ 28. Kd3 Qh3 29. Re8 h5 30. Rxf8+ Kxf8 31. Kc2 Kg8 32. Rf2 Qf5+ 33. Kb2
h4 34. Qe8+ Kh7 35. Qe5 Qg6 36. Rh2 Qh6 37. Qxd5 Rf4 38. Ne6 Rf6 39. Ng5+ Kg6
40. Qe4+ Rf5 41. Rg2 1-0

[Event "2021 FIDE Online Olympiad"]
[Site "Chess.com"]
[Date "2021.08.28"]
[Round "5.3"]
[White "Ortez, Andrea"]
[Black "Munoz, Alba"]
[Result "1-0"]
[WhiteElo "1969"]
[BlackElo "1717"]
[PlyCount "43"]
[EventDate "2021.08.27"]
[EventType "team"]
[EventRounds "9"]
[SourceVersionDate "2018.05.14"]
[WhiteTeam "El Salvador"]
[BlackTeam "Panama"]
[WhiteTeamCountry "ESA"]
[BlackTeamCountry "PAN"]

1. e4 c6 2. d4 d5 3. exd5 cxd5 4. c4 Nf6 5. Nc3 Nc6 6. Be3 e6 7. Nf3 Bb4 8. a3
Bxc3+ 9. bxc3 O-O 10. Bd3 a6 11. c5 Re8 12. O-O e5 13. dxe5 Nxe5 14. Nxe5 Rxe5
15. Bd4 Re8 16. h3 Be6 17. Qf3 Nd7 18. Qh5 Nf8 19. Rab1 Rb8 20. Rb6 h6 21. Rfb1
Qd6 22. cxd6 1-0

[Event "2021 FIDE Online Olympiad"]
[Site "Chess.com"]
[Date "2021.08.28"]
[Round "5.4"]
[White "Rondon Chacon, Yolys Desiree"]
[Black "Zavala Galindo, Alejandra Beatri"]
[Result "0-1"]
[WhiteElo "1789"]
[BlackElo "1893"]
[PlyCount "76"]
[EventDate "2021.08.27"]
[EventType "team"]
[EventRounds "9"]
[SourceVersionDate "2018.05.14"]
[WhiteTeam "Panama"]
[BlackTeam "El Salvador"]
[WhiteTeamCountry "PAN"]
[BlackTeamCountry "ESA"]

1. d4 Nf6 2. g3 c5 3. d5 d6 4. Bg2 g6 5. Nf3 Bg7 6. O-O O-O 7. c4 e6 8. dxe6
fxe6 9. Nc3 a6 10. Bg5 Qb6 11. Qc2 Bd7 12. Rfd1 Qc7 13. Rd2 Bc6 14. Rad1 Ne8
15. Ne4 Bxe4 16. Qxe4 e5 17. Nh4 Nc6 18. Qd5+ Kh8 19. Be4 Qf7 20. f4 Qxd5 21.
Bxd5 exf4 22. Bxc6 Bd4+ 23. Kg2 bxc6 24. Bxf4 Rb8 25. b3 Rf6 26. Nf3 Rxf4 27.
gxf4 Be3 28. Rd3 Bxf4 29. Ng1 Rb7 30. Nh3 Be5 31. Ng5 Rd7 32. Ne6 Re7 33. Ng5
Nf6 34. Nf3 Bf4 35. Kf1 Ng4 36. h3 Ne3+ 37. Rxe3 Rxe3 38. Rxd6 Bxd6 0-1

[Event "2021 FIDE Online Olympiad"]
[Site "Chess.com"]
[Date "2021.08.28"]
[Round "5.5"]
[White "Perez Salazar, Armando"]
[Black "Mendez, Andre"]
[Result "1/2-1/2"]
[WhiteElo "1932"]
[BlackElo "1574"]
[PlyCount "102"]
[EventDate "2021.08.27"]
[EventType "team"]
[EventRounds "9"]
[SourceVersionDate "2018.05.14"]
[WhiteTeam "El Salvador"]
[BlackTeam "Panama"]
[WhiteTeamCountry "ESA"]
[BlackTeamCountry "PAN"]

1. d4 Nf6 2. Bf4 e6 3. e3 d5 4. Nf3 Bd6 5. Bg3 c5 6. c3 O-O 7. Bd3 b6 8. Ne5
Ba6 9. Bxa6 Nxa6 10. Nd2 Bxe5 11. Bxe5 Nd7 12. Bg3 cxd4 13. exd4 Nc7 14. O-O
Re8 15. f4 b5 16. a3 f6 17. Bh4 Nb6 18. Qe2 Qd7 19. Nb3 Na6 20. Rae1 Nc4 21.
Qg4 Qf7 22. Rf2 Nd6 23. Nd2 f5 24. Qe2 Qb7 25. Qd1 Ne4 26. Nxe4 dxe4 27. g4 Qd5
28. Rg2 Rac8 29. gxf5 exf5 30. Bf6 Rc7 31. Qh5 Re6 32. Be5 Rf7 33. Re3 g6 34.
Reg3 Qc6 35. d5 Qxd5 36. Rxg6+ Rxg6 37. Rxg6+ Kf8 38. Qh6+ Ke7 39. Qg5+ Ke8 40.
Rxa6 Qd1+ 41. Kg2 Qf3+ 42. Kg1 Qd1+ 43. Kf2 Qf3+ 44. Ke1 Qe3+ 45. Kd1 Qd3+ 46.
Kc1 Qf1+ 47. Kc2 Qd3+ 48. Kb3 Qc4+ 49. Kc2 Qd3+ 50. Kc1 Qf1+ 51. Kc2 Qd3+
1/2-1/2

[Event "2021 FIDE Online Olympiad"]
[Site "Chess.com"]
[Date "2021.08.28"]
[Round "5.6"]
[White "Vasquez Jaen, Lourdes Lorena"]
[Black "Vasquez Vasquez, Marielos"]
[Result "0-1"]
[WhiteElo "1410"]
[BlackElo "1498"]
[PlyCount "74"]
[EventDate "2021.08.27"]
[EventType "team"]
[EventRounds "9"]
[SourceVersionDate "2018.05.14"]
[WhiteTeam "Panama"]
[BlackTeam "El Salvador"]
[WhiteTeamCountry "PAN"]
[BlackTeamCountry "ESA"]

1. e4 c5 2. Nf3 Nc6 3. d3 g6 4. Nbd2 Bg7 5. g3 e6 6. Bg2 Nge7 7. O-O d5 8. c3
O-O 9. Re1 b5 10. Qc2 Bb7 11. Nf1 Rc8 12. e5 d4 13. Bf4 Nd5 14. Bg5 Qd7 15. Qd2
f6 16. exf6 Bxf6 17. Bxf6 Rxf6 18. h4 Re8 19. N1h2 e5 20. Ng5 Nd8 21. Bh3 Qc7
22. Ne4 Rff8 23. Ng4 h5 24. Nh6+ Kg7 25. Qg5 Ne6 26. Bxe6 Rxe6 27. Kh2 Ne7 28.
Re2 Rh8 29. g4 Rxh6 30. gxh5 Rxh5 31. Qg4 Nf5 32. Rg1 Rxh4+ 33. Qxh4 Nxh4 34.
Kg3 Nf5+ 35. Kf3 dxc3 36. bxc3 Qd7 37. Kg2 Qxd3 0-1

[Event "2021 FIDE Online Olympiad"]
[Site "Chess.com"]
[Date "2021.08.28"]
[Round "6.1"]
[White "Machin Rivera, Mark"]
[Black "Sanchez Alvarez, Roberto Carlos"]
[Result "0-1"]
[WhiteElo "2323"]
[BlackElo "2418"]
[PlyCount "58"]
[EventDate "2021.08.27"]
[EventType "team"]
[EventRounds "9"]
[SourceVersionDate "2018.05.14"]
[WhiteTeam "Puerto Rico"]
[BlackTeam "Panama"]
[WhiteTeamCountry "PUR"]
[BlackTeamCountry "PAN"]

1. c4 c5 2. g3 g6 3. Bg2 Bg7 4. e3 Nc6 5. Ne2 e5 6. O-O Nge7 7. Nbc3 d6 8. d3
O-O 9. b3 Be6 10. Nd5 Qd7 11. Bb2 Bh3 12. Qd2 Bxg2 13. Kxg2 Nxd5 14. cxd5 Ne7
15. e4 b5 16. f4 f6 17. fxe5 fxe5 18. Rxf8+ Rxf8 19. Rf1 Rxf1 20. Kxf1 Qh3+ 21.
Kg1 Bh6 22. Qe1 c4 23. bxc4 bxc4 24. dxc4 Be3+ 25. Kh1 Qg4 26. Kg2 Qxe4+ 27.
Kh3 g5 28. Qf1 g4+ 29. Kh4 Qg6 0-1

[Event "2021 FIDE Online Olympiad"]
[Site "Chess.com"]
[Date "2021.08.28"]
[Round "6.2"]
[White "Tapia, Alexei"]
[Black "Zilleruelo Irizarry, Diego"]
[Result "1/2-1/2"]
[WhiteElo "1983"]
[BlackElo "2119"]
[PlyCount "63"]
[EventDate "2021.08.27"]
[EventType "team"]
[EventRounds "9"]
[SourceVersionDate "2018.05.14"]
[WhiteTeam "Panama"]
[BlackTeam "Puerto Rico"]
[WhiteTeamCountry "PAN"]
[BlackTeamCountry "PUR"]

1. Nf3 Nf6 2. g3 g6 3. b3 Bg7 4. Bb2 O-O 5. Bg2 d6 6. d4 c6 7. O-O Bf5 8. Nbd2
Ne4 9. Nh4 Nxd2 10. Qxd2 Bd7 11. e4 c5 12. c4 cxd4 13. Bxd4 Bxd4 14. Qxd4 Nc6
15. Qd2 Qb6 16. Rad1 Bg4 17. Bf3 Be6 18. Kg2 Qc5 19. Be2 Qe5 20. f4 Qc5 21. h3
Rad8 22. Nf3 f6 23. g4 Kh8 24. Bd3 Bf7 25. f5 g5 26. Be2 Ne5 27. Nd4 Kg7 28.
Rh1 Rh8 29. h4 h6 30. Rh3 a6 31. Rdh1 Rc8 32. Rg3 1/2-1/2

[Event "2021 FIDE Online Olympiad"]
[Site "Chess.com"]
[Date "2021.08.28"]
[Round "6.3"]
[White "Vazquez Maccarini, Danitza"]
[Black "Munoz, Alba"]
[Result "1-0"]
[WhiteElo "2014"]
[BlackElo "1717"]
[PlyCount "69"]
[EventDate "2021.08.27"]
[EventType "team"]
[EventRounds "9"]
[SourceVersionDate "2018.05.14"]
[WhiteTeam "Puerto Rico"]
[BlackTeam "Panama"]
[WhiteTeamCountry "PUR"]
[BlackTeamCountry "PAN"]

1. e4 c6 2. d4 d5 3. Nc3 dxe4 4. Nxe4 Bf5 5. Ng3 Bg6 6. h4 h6 7. h5 Bh7 8. Nf3
Nd7 9. Bd3 Bxd3 10. Qxd3 Ngf6 11. Bf4 e6 12. O-O-O Be7 13. Ne5 Nxe5 14. Bxe5
O-O 15. Kb1 Rc8 16. Ne4 Nxe4 17. Qxe4 Bf6 18. f4 Qe7 19. g4 Bxe5 20. dxe5 Rfd8
21. Rde1 Rd5 22. Rhg1 Rcd8 23. g5 hxg5 24. fxg5 Rd4 25. Qe3 R8d5 26. g6 f6 27.
exf6 Qxf6 28. h6 gxh6 29. Qxh6 Rh4 30. Qe3 e5 31. a3 b6 32. Rgf1 Rf4 33. Qh3
Rxf1 34. Qh7+ Kf8 35. g7+ 1-0

[Event "2021 FIDE Online Olympiad"]
[Site "Chess.com"]
[Date "2021.08.28"]
[Round "6.4"]
[White "Rondon Chacon, Yolys Desiree"]
[Black "Morales Santos, Natasha"]
[Result "0-1"]
[WhiteElo "1789"]
[BlackElo "1720"]
[PlyCount "94"]
[EventDate "2021.08.27"]
[EventType "team"]
[EventRounds "9"]
[SourceVersionDate "2018.05.14"]
[WhiteTeam "Panama"]
[BlackTeam "Puerto Rico"]
[WhiteTeamCountry "PAN"]
[BlackTeamCountry "PUR"]

1. d4 e6 2. Nf3 f5 3. g3 Nf6 4. Bg2 d5 5. c4 c6 6. Nbd2 Bd6 7. Qc2 O-O 8. O-O
Ne4 9. b3 Nd7 10. Bb2 Qf6 11. Rac1 g5 12. Ne1 Nxd2 13. Qxd2 f4 14. Nd3 Qh6 15.
Rce1 Nf6 16. Ne5 Bd7 17. h3 Be8 18. e3 fxg3 19. fxg3 Bg6 20. g4 Be4 21. Bxe4
Nxe4 22. Qg2 Rxf1+ 23. Rxf1 Rf8 24. cxd5 cxd5 25. Rxf8+ Qxf8 26. Qf1 Qxf1+ 27.
Kxf1 Bxe5 28. dxe5 Kf7 29. Ke2 Ke8 30. Bd4 a6 31. Bb2 Kd7 32. Kf3 Kc6 33. Ke2
Kb5 34. Kf3 a5 35. Ke2 Kb4 36. Kf3 a4 37. bxa4 Kxa4 38. a3 Kb3 39. Bd4 Kxa3 40.
Ke2 Kb3 41. Bb6 Kc2 42. Bd8 b5 43. Ba5 Nc3+ 44. Kf3 Ne4 45. Bb4 Kd3 46. Ba5 Kc4
47. Ke2 b4 0-1

[Event "2021 FIDE Online Olympiad"]
[Site "Chess.com"]
[Date "2021.08.28"]
[Round "6.5"]
[White "Mejias Nunez, Rafael E."]
[Black "Mendez, Andre"]
[Result "0-1"]
[WhiteElo "1657"]
[BlackElo "1574"]
[PlyCount "120"]
[EventDate "2021.08.27"]
[EventType "team"]
[EventRounds "9"]
[SourceVersionDate "2018.05.14"]
[WhiteTeam "Puerto Rico"]
[BlackTeam "Panama"]
[WhiteTeamCountry "PUR"]
[BlackTeamCountry "PAN"]

1. e4 e5 2. Nf3 Nc6 3. Bb5 a6 4. Ba4 Nf6 5. d3 b5 6. Bb3 Bc5 7. c3 d6 8. O-O
Bb6 9. a4 Rb8 10. Be3 Bxe3 11. fxe3 O-O 12. axb5 axb5 13. Nbd2 Bb7 14. Nh4 Ne7
15. Qf3 c5 16. Qg3 Kh8 17. Bc2 Qc7 18. Rf2 Qc8 19. Nf5 Nxf5 20. Rxf5 Bc6 21.
Raf1 Bd7 22. R5f2 Be6 23. Nf3 Ng4 24. Re2 Nh6 25. Nh4 f6 26. Ref2 Ra8 27. Nf5
Bxf5 28. exf5 d5 29. Qf3 Qc6 30. Rd1 Nf7 31. c4 Rfd8 32. Bb3 Ng5 33. Qe2 dxc4
34. dxc4 b4 35. Rd5 Ne4 36. Rf1 Rxd5 37. cxd5 Qb6 38. Bc4 Nd6 39. b3 Ne4 40.
Qd3 Nc3 41. d6 Rd8 42. d7 Qc6 43. Ra1 h6 44. Be6 e4 45. Qc4 Qc7 46. Ra5 Qxa5
47. h3 Qc7 48. Qa6 Kh7 49. Qc8 Qb6 50. Kf2 Nb5 51. Bc4 Nd6 52. Bg8+ Kh8 53. Be6
Nxc8 54. dxc8=Q Rxc8 55. Bxc8 Qd6 56. Be6 Qd2+ 57. Kf1 Qxe3 58. Bc4 Qf4+ 59.
Kg1 Qxf5 60. Kh2 e3 0-1

[Event "2021 FIDE Online Olympiad"]
[Site "Chess.com"]
[Date "2021.08.28"]
[Round "6.6"]
[White "Vasquez Jaen, Lourdes Lorena"]
[Black "Alvarado Perez, Coralys M."]
[Result "0-1"]
[WhiteElo "1410"]
[BlackElo "1529"]
[PlyCount "34"]
[EventDate "2021.08.27"]
[EventType "team"]
[EventRounds "9"]
[SourceVersionDate "2018.05.14"]
[WhiteTeam "Panama"]
[BlackTeam "Puerto Rico"]
[WhiteTeamCountry "PAN"]
[BlackTeamCountry "PUR"]

1. e4 g6 2. Nf3 Bg7 3. d4 c5 4. dxc5 Nf6 5. Nc3 Qa5 6. Be3 Nxe4 7. Bd4 Nxc3 8.
bxc3 O-O 9. Bc4 Nc6 10. O-O e5 11. Be3 Qxc3 12. Bd5 e4 13. Ng5 Qxa1 14. Bxf7+
Rxf7 15. Qd5 Qf6 16. f3 h6 17. Qc4 hxg5 0-1

[Event "2021 FIDE Online Olympiad"]
[Site "Chess.com"]
[Date "2021.08.28"]
[Round "6.1"]
[White "Cardenas Carbajal, Nilson"]
[Black "Chavez, Ricardo Ernesto"]
[Result "1-0"]
[WhiteElo "2074"]
[BlackElo "2224"]
[PlyCount "83"]
[EventDate "2021.08.27"]
[EventType "team"]
[EventRounds "9"]
[SourceVersionDate "2018.05.14"]
[WhiteTeam "Honduras"]
[BlackTeam "El Salvador"]
[WhiteTeamCountry "HON"]
[BlackTeamCountry "ESA"]

1. e4 d5 2. exd5 Nf6 3. d4 Bg4 4. Bb5+ Nbd7 5. Be2 Bxe2 6. Qxe2 Nxd5 7. Nf3 g6
8. c4 N5b6 9. O-O Bg7 10. Bg5 Nf6 11. Re1 c6 12. Nc3 e6 13. d5 cxd5 14. cxd5
Nbxd5 15. Qb5+ Qd7 16. Nxd5 Nxd5 17. Qc5 h6 18. Bh4 b6 19. Qa3 b5 20. Ne5 b4
21. Qg3 Qc7 22. Rad1 O-O 23. f4 Rfe8 24. Qg4 Nf6 25. Qf3 Rad8 26. Rc1 Qb6+ 27.
Kh1 Qb5 28. Rc7 Rf8 29. Rec1 Nd5 30. Bxd8 Rxd8 31. R7c5 Qa4 32. h3 Qxa2 33. Rc8
Qa5 34. Rxd8+ Qxd8 35. Qe4 a5 36. Rd1 Qc7 37. Nxg6 Bxb2 38. Ne5 Nc3 39. Qc2 Qb6
40. Rd7 Ba1 41. Rxf7 Ne4 42. Qc8+ 1-0

[Event "2021 FIDE Online Olympiad"]
[Site "Chess.com"]
[Date "2021.08.28"]
[Round "6.2"]
[White "Guevara Sanchez, Erick Marvin"]
[Black "Rodriguez Ulloa, Josue"]
[Result "1/2-1/2"]
[WhiteElo "2173"]
[BlackElo "1707"]
[PlyCount "38"]
[EventDate "2021.08.27"]
[EventType "team"]
[EventRounds "9"]
[SourceVersionDate "2018.05.14"]
[WhiteTeam "El Salvador"]
[BlackTeam "Honduras"]
[WhiteTeamCountry "ESA"]
[BlackTeamCountry "HON"]

1. e4 c5 2. Nf3 Nc6 3. Bb5 g6 4. c3 Bg7 5. d4 cxd4 6. cxd4 Qb6 7. Bxc6 bxc6 8.
Nc3 Ba6 9. Rb1 Nf6 10. Be3 Ng4 11. Bf4 d6 12. h3 Nf6 13. Qc2 O-O 14. Be3 d5 15.
e5 Nd7 16. Ne2 Qb5 17. Nc3 Qb6 18. Ne2 Qb5 19. Nc3 Qb6 1/2-1/2

[Event "2021 FIDE Online Olympiad"]
[Site "Chess.com"]
[Date "2021.08.28"]
[Round "6.3"]
[White "Torres Hernandez, Leslie Carolin"]
[Black "Ortez, Andrea"]
[Result "0-1"]
[WhiteElo "1861"]
[BlackElo "1969"]
[PlyCount "112"]
[EventDate "2021.08.27"]
[EventType "team"]
[EventRounds "9"]
[SourceVersionDate "2018.05.14"]
[WhiteTeam "Honduras"]
[BlackTeam "El Salvador"]
[WhiteTeamCountry "HON"]
[BlackTeamCountry "ESA"]

1. e4 c5 2. Nc3 Nc6 3. g3 g6 4. Bg2 Bg7 5. Nge2 e6 6. d3 Nge7 7. O-O O-O 8. Be3
Nd4 9. Qd2 d6 10. Nd1 Nec6 11. c3 Nxe2+ 12. Qxe2 b5 13. f4 Bd7 14. Nf2 Rb8 15.
e5 dxe5 16. Bxc5 Re8 17. Ne4 exf4 18. Rxf4 Ne7 19. Raf1 Rf8 20. Nd6 Nf5 21.
Nxf5 exf5 22. Bxf8 Qxf8 23. d4 b4 24. c4 g5 25. Rxf5 Bxf5 26. Rxf5 Bxd4+ 27.
Kh1 h6 28. Bd5 Kh8 29. Rxf7 Qe8 30. Re7 Qf8 31. Re6 Bg7 32. b3 Rd8 33. Re7 Qf6
34. Re8+ Rxe8 35. Qxe8+ Bf8 36. Kg2 Qb2+ 37. Kh3 Qf6 38. Qf7 Qxf7 39. Bxf7 Kg7
40. Bd5 Kf6 41. Kg4 Bd6 42. Kf3 Ke5 43. Ke3 Bc5+ 44. Kd3 Bg1 45. h3 Bh2 46. g4
Bg1 47. Bg2 Kf4 48. Ke2 Bc5 49. Bf1 Ke4 50. Bg2+ Kd4 51. Kd2 Bd6 52. Bf1 Bf4+
53. Kc2 Be3 54. Be2 Bf2 55. Kd2 Bg1 56. Kc2 Ke3 0-1

[Event "2021 FIDE Online Olympiad"]
[Site "Chess.com"]
[Date "2021.08.28"]
[Round "6.4"]
[White "Herrera, Marjorie"]
[Black "Ortiz, Katherine Berenice"]
[Result "1/2-1/2"]
[WhiteElo "1539"]
[BlackElo "1842"]
[PlyCount "72"]
[EventDate "2021.08.27"]
[EventType "team"]
[EventRounds "9"]
[SourceVersionDate "2018.05.14"]
[WhiteTeam "El Salvador"]
[BlackTeam "Honduras"]
[WhiteTeamCountry "ESA"]
[BlackTeamCountry "HON"]

1. e4 e6 2. d4 d5 3. Nc3 Nf6 4. Bg5 Be7 5. e5 Nfd7 6. h4 Bxg5 7. hxg5 Qxg5 8.
Nf3 Qe7 9. Bd3 h6 10. Qe2 a6 11. O-O-O c5 12. dxc5 Nxc5 13. g4 Nc6 14. g5 Bd7
15. gxh6 gxh6 16. Qe3 Nxd3+ 17. cxd3 d4 18. Nxd4 Nxd4 19. Qxd4 Bc6 20. Ne4 Bxe4
21. Qxe4 O-O-O 22. Kb1 Kb8 23. Rc1 Rd5 24. Qe3 Qd7 25. Rc3 Rd8 26. Rh3 Qb5 27.
f4 Rd4 28. Rb3 Qd5 29. Rc3 Qg2 30. Rf3 h5 31. Rf2 Qg6 32. Rf3 Qf5 33. Qc1 Ka7
34. Qe3 Kb8 35. Qc1 Ka7 36. Qe3 Kb8 1/2-1/2

[Event "2021 FIDE Online Olympiad"]
[Site "Chess.com"]
[Date "2021.08.28"]
[Round "6.5"]
[White "Chahin Godoy, Angel Eduardo"]
[Black "Melara, Moises"]
[Result "1-0"]
[WhiteElo "1342"]
[BlackElo "1979"]
[PlyCount "91"]
[EventDate "2021.08.27"]
[EventType "team"]
[EventRounds "9"]
[SourceVersionDate "2018.05.14"]
[WhiteTeam "Honduras"]
[BlackTeam "El Salvador"]
[WhiteTeamCountry "HON"]
[BlackTeamCountry "ESA"]

1. e4 c5 2. Nc3 e6 3. g3 d5 4. d3 Nf6 5. Bg2 dxe4 6. Nxe4 Nxe4 7. Bxe4 Nd7 8.
Ne2 Nf6 9. Bg2 Bd6 10. O-O O-O 11. Re1 Nd5 12. d4 Qb6 13. c4 Nf6 14. Bf4 Bxf4
15. dxc5 Qxc5 16. Nxf4 Bd7 17. Rc1 Rfd8 18. Qe2 Bc6 19. Nd3 Qd4 20. Ne5 Bxg2
21. Kxg2 Qd2 22. Qf3 Qxb2 23. Rb1 Qd2 24. Qxb7 Rf8 25. a4 h6 26. Kg1 Rad8 27.
Qxa7 Ra8 28. Qe7 Rxa4 29. Rbd1 Qb4 30. Qxb4 Rxb4 31. c5 Rc8 32. c6 Rb5 33. f4
Nd5 34. Ra1 f6 35. Ng6 Kf7 36. Nh4 Rxc6 37. f5 e5 38. Red1 Rc7 39. Ra8 Rbc5 40.
Ng6 Rc8 41. Rxc8 Rxc8 42. Rxd5 Rc1+ 43. Kg2 Rc2+ 44. Kh3 Rc8 45. Rd7+ Kg8 46.
Ne7+ 1-0

[Event "2021 FIDE Online Olympiad"]
[Site "Chess.com"]
[Date "2021.08.28"]
[Round "6.6"]
[White "Vasquez Vasquez, Marielos"]
[Black "Mejia, Camila"]
[Result "1-0"]
[WhiteElo "1498"]
[BlackElo "1275"]
[PlyCount "95"]
[EventDate "2021.08.27"]
[EventType "team"]
[EventRounds "9"]
[SourceVersionDate "2018.05.14"]
[WhiteTeam "El Salvador"]
[BlackTeam "Honduras"]
[WhiteTeamCountry "ESA"]
[BlackTeamCountry "HON"]

1. c4 e5 2. Nc3 Nc6 3. g3 Nf6 4. Bg2 g6 5. e4 Bg7 6. Nge2 d6 7. O-O Be6 8. d3
Qd7 9. Nd5 Nd4 10. Bg5 Nxd5 11. cxd5 Bh3 12. Be3 Bxg2 13. Kxg2 f5 14. f4 Rf8
15. Rc1 Rc8 16. fxe5 dxe5 17. Bxd4 exd4 18. Nf4 Rf7 19. Ne6 Be5 20. Rc4 c6 21.
Qc2 a6 22. Rc1 f4 23. Rf1 fxg3 24. Rxf7 Kxf7 25. hxg3 Qd6 26. Qf2+ Ke7 27. g4
b5 28. Qh4+ Kd7 29. Qxh7+ Qe7 30. Nc5+ Kd6 31. Qxg6+ Qf6 32. Nb7+ Kc7 33. Rxc6+
Kxb7 34. Rxf6 Bxf6 35. Qxf6 Rc2+ 36. Kf3 Rc1 37. Qxd4 Rf1+ 38. Kg2 Rb1 39. d6
Kc8 40. d7+ Kd8 41. e5 Re1 42. Qd6 Re2+ 43. Kf3 Rxb2 44. e6 Rb1 45. Qf8+ Kc7
46. d8=Q+ Kc6 47. Qfd6+ Kb7 48. Q8b8# 1-0

[Event "2021 FIDE Online Olympiad"]
[Site "Chess.com"]
[Date "2021.08.28"]
[Round "6.1"]
[White "Christie, Joshua"]
[Black "Martinez Reyes, Pedro Ramon"]
[Result "1/2-1/2"]
[WhiteElo "1915"]
[BlackElo "2319"]
[PlyCount "66"]
[EventDate "2021.08.27"]
[EventType "team"]
[EventRounds "9"]
[SourceVersionDate "2018.05.14"]
[WhiteTeam "Jamaica"]
[BlackTeam "Venezuela"]
[WhiteTeamCountry "JAM"]
[BlackTeamCountry "VEN"]

1. d4 d5 2. c4 dxc4 3. e3 Nf6 4. Bxc4 e6 5. Nf3 c5 6. O-O Nc6 7. dxc5 Qxd1 8.
Rxd1 Bxc5 9. a3 O-O 10. b4 Be7 11. Bb2 b6 12. Nbd2 Bb7 13. Kf1 Rfd8 14. Ke2
Rac8 15. Rac1 Nd5 16. Nb3 h6 17. Bxd5 exd5 18. b5 Nb8 19. Nbd4 Rc5 20. Nf5 Bf8
21. a4 Nd7 22. Ne5 Nxe5 23. Bxe5 g6 24. Nd4 Rdc8 25. Rxc5 Rxc5 26. Nc6 Bxc6 27.
bxc6 Rxc6 28. Rxd5 f6 29. Bd4 a6 30. Rd8 b5 31. axb5 axb5 32. Rb8 b4 33. Kd3
Kf7 1/2-1/2

[Event "2021 FIDE Online Olympiad"]
[Site "Chess.com"]
[Date "2021.08.28"]
[Round "6.2"]
[White "Vivas Zamora, Fabian Ernesto"]
[Black "Lorne, Ras Malaku"]
[Result "1-0"]
[WhiteElo "2091"]
[BlackElo "2079"]
[PlyCount "103"]
[EventDate "2021.08.27"]
[EventType "team"]
[EventRounds "9"]
[SourceVersionDate "2018.05.14"]
[WhiteTeam "Venezuela"]
[BlackTeam "Jamaica"]
[WhiteTeamCountry "VEN"]
[BlackTeamCountry "JAM"]

1. c4 c5 2. Nf3 Nc6 3. d4 cxd4 4. Nxd4 Nf6 5. Nc3 e6 6. g3 Qb6 7. Ndb5 Bb4 8.
a3 Bxc3+ 9. Nxc3 O-O 10. Bg2 Na5 11. Qd3 Qc7 12. b4 Nxc4 13. Bf4 Ne5 14. Qd4 d6
15. Nb5 Qe7 16. Qxd6 Qxd6 17. Nxd6 Nc6 18. Rc1 Nd5 19. Bxd5 exd5 20. O-O Nd4
21. Rfe1 Ne6 22. Red1 d4 23. Be5 Rd8 24. Nf5 Bd7 25. Nxd4 Nxd4 26. Bxd4 Ba4 27.
Rd2 a6 28. Rc7 Bc6 29. f3 f6 30. Kf2 Rd6 31. e4 Rad8 32. Ke3 R6d7 33. Rxd7 Rxd7
34. Rc2 Kf7 35. Rc5 Ke6 36. Ra5 Rc7 37. a4 Bd7 38. b5 axb5 39. axb5 Rc4 40. Ra7
Bxb5 41. Rxb7 Bd7 42. f4 Ra4 43. Kd3 Ra3+ 44. Kc4 Ra2 45. Bc5 Rc2+ 46. Kd4 g6
47. f5+ gxf5 48. exf5+ Kxf5 49. Rxd7 Rxh2 50. Ke3 h5 51. Rd4 Rh1 52. Rf4+ 1-0

[Event "2021 FIDE Online Olympiad"]
[Site "Chess.com"]
[Date "2021.08.28"]
[Round "6.3"]
[White "Miller, Rachel"]
[Black "Varela La Madrid, Tilsia Carolina"]
[Result "0-1"]
[WhiteElo "2004"]
[BlackElo "2033"]
[PlyCount "102"]
[EventDate "2021.08.27"]
[EventType "team"]
[EventRounds "9"]
[SourceVersionDate "2018.05.14"]
[WhiteTeam "Jamaica"]
[BlackTeam "Venezuela"]
[WhiteTeamCountry "JAM"]
[BlackTeamCountry "VEN"]

1. e4 d5 2. exd5 Qxd5 3. Nc3 Qa5 4. Bc4 Nf6 5. d3 c6 6. Bd2 Bf5 7. Qe2 e6 8. f3
Qc7 9. g4 Bg6 10. h4 Qg3+ 11. Qf2 Qxf2+ 12. Kxf2 Bc5+ 13. Kg2 h5 14. g5 Nd5 15.
Re1 O-O 16. Nh3 Bd6 17. Ne2 Bf5 18. Nhf4 Nxf4+ 19. Nxf4 Bxf4 20. Bxf4 Nd7 21.
a4 Rfe8 22. Re2 Nb6 23. Bb3 Nd5 24. Bd2 a5 25. Rhe1 Red8 26. Kg3 b5 27. axb5
cxb5 28. Ra1 a4 29. Bxd5 Rxd5 30. Bc3 Rc8 31. Kf4 Kh7 32. Re5 Rxe5 33. Kxe5 Kg6
34. Kd6 Bh3 35. Ke5 f6+ 36. gxf6 gxf6+ 37. Ke4 Bf5+ 38. Ke3 Kf7 39. Kd2 Rg8 40.
Rh1 Rg2+ 41. Kc1 Rf2 42. Bb4 Rxf3 43. d4 Rf2 44. Bd2 e5 45. dxe5 fxe5 46. c3
Bg4 47. Kc2 Ke6 48. Kd3 Kd5 49. Ke3 Rf3+ 50. Ke2 Rh3+ 51. Kf2 Rxh1 0-1